| 000 -LEADER |
| fixed length control field |
00936nam a22001817a 4500 |
| 005 - DATE AND TIME OF LATEST TRANSACTION |
| control field |
20220704121750.0 |
| 008 - FIXED-LENGTH DATA ELEMENTS--GENERAL INFORMATION |
| fixed length control field |
220704s2002ge xxu||||| |||| 00| 0 ger d |
| 020 ## - INTERNATIONAL STANDARD BOOK NUMBER |
| International Standard Book Number |
9783934471290 |
| 080 ## - UNIVERSAL DECIMAL CLASSIFICATION NUMBER |
| Universal Decimal Classification number |
534+007 B-78 |
| 100 ## - MAIN ENTRY--PERSONAL NAME |
| Personal name |
Böhringer, Dietmar |
| 9 (RLIN) |
14285 |
| 245 ## - TITLE STATEMENT |
| Title |
Taktile, akustische und optische Informationen im öffentlichen Bereich : |
| Remainder of title |
Erfahrungsaustausch mit internationaler Beteiligung, Berlin, 04. bis 06.05.2000, Tagungsbericht / |
| Statement of responsibility, etc. |
Dietmar, Böhringer. |
| 264 ## - PRODUCTION, PUBLICATION, DISTRIBUTION, MANUFACTURE, AND COPYRIGHT NOTICE |
| Place of production, publication, distribution, manufacture |
Würzburg : |
| Name of producer, publisher, distributor, manufacturer |
Ed. Bentheim, |
| Date of production, publication, distribution, manufacture, or copyright notice |
2002. |
| 300 ## - PHYSICAL DESCRIPTION |
| Extent |
145 p.: |
| Other physical details |
ill; |
| Dimensions |
21 cm. |
| 440 ## - SERIES STATEMENT/ADDED ENTRY--TITLE |
| Title |
Barrierefrei für Blinde und Sehbehinderte, 1. |
| 9 (RLIN) |
14286 |
| 653 ## - INDEX TERM--UNCONTROLLED |
| keyword |
Taktile, akustische und optische Informationen im öffentlichen Bereich |
| 653 ## - INDEX TERM--UNCONTROLLED |
| keyword |
ტაქტილური, აკუსტიკური და ვიზუალური ინფორმაცია საზოგადოებრივ ადგილებში |
| 942 ## - ADDED ENTRY ELEMENTS (KOHA) |
| Source of classification or shelving scheme |
|
| Koha item type |
წიგნი |